000 00604nam a2200229 a 4500
001 0001-1053
003 ELIB.Books
008 141126 2010 eng
020 _a0840730756
035 _a(ELIB.Books)0001-1208
092 _a248.8
_bHer
100 _aHershey, Terry
245 _aBeginning Again:
_bLife After A Relationship Ends
260 _aNashville:
_bThomas Nelson Publishers
_c1986
300 _a174
_c20 Cm
650 _aChristian Life
856 _nKBTS; Library
_uKBTS; Elib.
942 _2ddc
_cBK
990 _a1
998 _cbat
_e2014-11-26
999 _c11053
_d11053